Spectrum Lyrics (Florence + the Machine) - Statistics

General Stats
  • This quiz has been taken 168 times
  • The average score is 271 of 309
Answer Stats
Lyrics % Correct
we
100%
and
99%
are
99%
my
99%
name
98%
say
98%
be
97%
every
97%
never
97%
shining
96%
When
96%
when
96%
again
95%
the
95%
will
95%
were
94%
colour
92%
here
92%
in
91%
illuminates
90%
afraid
89%
came
89%
first
89%
you
88%
to
85%
clear
84%
cold
84%
our
83%
on
81%
no
78%
let
77%
your
77%
skin
76%
spectrum
75%
with
75%
all
74%
thin
73%
we'll
73%
come
71%
up
71%
dressed
70%
for
70%
light
69%
kiss
65%
lungs
65%
as
63%
colours
63%
blue
62%
it's
62%
paper
62%
eyes
61%
til
61%
silver
58%
so
58%
arms
57%
time
57%
palms
56%
ocean
55%
tongues
53%
gray
51%
black
47%
pray
46%
won't
46%
you'll
46%
from
45%
scream
45%
back
44%
sleep
44%
metal
43%
names
41%
aloud
38%
eat
37%
drag
30%
their
29%
graves
24%
bodies
22%
No matching quizzes found
Score Distribution
Percent of People with Each Score
Percentile by Number Answered
Your Score History
You have not taken this quiz